| 000 | 00860cam a2200265 a 4500 | ||
|---|---|---|---|
| 001 | 000002776 | ||
| 005 | 20200929150244.0 | ||
| 008 | 760909s1947 ag 001 p spa | ||
| 040 |
_aDO-SdBNP _bspa _cBNPHU |
||
| 041 | 1 | 7 |
_aspa _hfre |
| 082 |
_a841.5 _bB836p |
||
| 100 | 1 |
_aBremond, Henri, _d1865-1933. _98753 |
|
| 240 | 1 | 0 |
_aPrière et poèsie. _lEspañol |
| 245 | 1 | 0 |
_aPlegaria y poesía / _cHenri Bremond ; traducción de Elsa Tabernig. |
| 260 |
_aBuenos Aires : _bNova, _c1947. |
||
| 300 |
_a199 p. ; _c21 cm. |
||
| 490 | 1 |
_aLa vida del espíritu _vno. 340 |
|
| 504 | _aIncluye | ||
| 534 |
_aTítulo original: _tPrière et poèsie. |
||
| 650 | 4 |
_aPoesía francesa _94916 |
|
| 650 | 4 |
_aLiteratura francesa _91074 |
|
| 650 | 4 |
_aMisticismo en la literatura _98754 |
|
| 700 | 1 |
_aTabernig, Elsa, _etr. _98755 |
|
| 830 | 3 |
_aLa vida del espíritu; _vno. 340 _98693 |
|
| 999 |
_c2610 _d2610 |
||